[Event "81st ch-StP"]
[Site "St Petersburg RUS"]
[Date "2009.02.23"]
[Round "7"]
[White "Rozum,I"]
[Black "Khruschiov,A"]
[Result "1-0"]
[WhiteElo "2451"]
[BlackElo "2498"]

1.d4 Nf6 2.c4 e6 3.g3 Bb4+ 4.Bd2 Qe7 5.Bg2 O-O 6.Nc3 d6 7.Nf3 e5 8.O-O a5
9.Rc1 Nc6 10.dxe5 Nxe5 11.Bg5 Bxc3 12.Rxc3 h6 13.Bxf6 Qxf6 14.Nd4 c6 15.Qd2 Qd8
16.Nc2 f6 17.Ne3 Re8 18.Rd1 Nf7 19.Qc2 Qe7 20.Rd4 Rd8 21.f4 Qc7 22.Qd2 Qb6
23.Be4 Qc5 24.Bg6 Be6 25.Kg2 f5 26.Qd3 Rf8 27.Bxf5 Rae8 28.Bg6 Bc8 29.Qd2 Re6
30.Be4 Rfe8 31.Bf3 g5 32.Kf2 gxf4 33.gxf4 h5 34.Ke1 Nh6 35.Kd1 Kf8 36.Rdd3 Rf6
37.Kc1 Rg6 38.Nd1 Bf5 39.Rd4 Rg1 40.Rxd6 Nf7 41.Rd4 Bg4 42.Bxg4 hxg4 43.Re3 Ra8
44.Qc3 Rh1 45.Rd7 Re8 46.Rxe8+ Kxe8 47.Qd3 b5 48.Rd4 Rxh2 49.Qe3+  1-0

[Event "TCh-BEL 2008-9"]
[Site "Belgium BEL"]
[Date "2009.03.08"]
[Round "10"]
[White "Van der Stricht,G"]
[Black "Wirig,A"]
[Result "0-1"]
[WhiteElo "2380"]
[BlackElo "2458"]

1.d4 Nf6 2.c4 e6 3.g3 Bb4+ 4.Bd2 Qe7 5.Nf3 O-O 6.Bg2 Bxd2+ 7.Qxd2 d6 8.Nc3 e5
9.O-O Re8 10.e4 Bg4 11.d5 Bxf3 12.Bxf3 a5 13.Bg2 Na6 14.f4 Nc5 15.Rae1 Qd7
16.f5 Na4 17.Rf3 Nxc3 18.Rxc3 Qd8 19.Rb3 Qb8 20.Bf3 Qa7+ 21.Kg2 a4 22.Rc3 Nd7
23.g4 f6 24.h4 Kf8 25.Ra3 Qc5 26.Rc1 Ra7 27.Rac3 Ke7 28.Be2 Qb4 29.g5 Rg8
30.R1c2 Raa8 31.Rg3 Qxd2 32.Rxd2 Nc5 33.Bd3 h6 34.Bc2 hxg5 35.hxg5 Rh8 36.gxf6+ Kxf6
37.Kf3 Rh6 38.Rdg2 Rg8 39.Ke3 a3 40.b3 Na6 41.Kd2 Nb4 42.Bb1 c5 43.dxc6 bxc6
44.c5 dxc5 45.Kc3 g5 46.Kc4 Rh1 47.Kxc5 Rb8 48.Rg1 Na6+ 49.Kc4 Rxg1 50.Rxg1 Rg8
51.Bd3 Rd8 52.Kc3 Nc5 53.Bc2 Rd4 54.Re1 Na6 55.Rh1 Nb4 56.Rh6+ Kf7 57.Bb1 g4
58.Rg6 c5 59.Rxg4 Nd5+ 60.exd5 Rxg4 61.d6 Rd4 62.Bc2 Kf6 63.b4 cxb4+ 64.Kb3 e4
65.d7 Ke7  0-1

[Event "FSIMA March"]
[Site "Budapest HUN"]
[Date "2009.03.10"]
[Round "4"]
[White "Bach,Mat"]
[Black "Arsenault,N"]
[Result "1-0"]
[WhiteElo "2276"]
[BlackElo "2229"]

1.d4 Nf6 2.c4 e6 3.g3 Bb4+ 4.Bd2 Qe7 5.Bg2 Nc6 6.Nf3 Bxd2+ 7.Nbxd2 d6 8.Nf1 O-O
9.Ne3 Nd8 10.O-O Nh5 11.c5 Bd7 12.Rc1 Rc8 13.b4 f5 14.d5 e5 15.c6 Be8 16.Bh3 g6
17.Nh4 Ng7 18.Qd2 Rb8 19.f4 e4 20.b5 b6 21.Qd4 Nh5 22.Rc3 Qf6 23.Qxf6 Nxf6
24.Ra3 Ra8 25.Ra6 Nf7 26.Rd1 Nh6 27.Nhg2 Bf7 28.Ne1 Kg7 29.N1c2 Nhg8 30.Nb4 Ne7
31.Rd4 h5 32.Bg2 Ng4 33.Ra3 Nxe3 34.Rxe3 h4 35.Ra3 hxg3 36.hxg3 Rh8 37.Rd2 g5
38.fxg5 Rh5 39.g4 Rxg5 40.gxf5 Nxf5 41.Rh3 Kf6 42.Nc2 e3 43.Nxe3 Nxe3 44.Rxe3 Rag8
45.Rf3+ Ke7 46.e4 Bg6 47.Rf4 Rg3 48.Kf2 Bh5 49.Bf3 Bxf3 50.Rxf3 Rg2+ 51.Ke3 Rxd2
52.Kxd2 Rg2+ 53.Kc3 Rxa2 54.Rf5 a5 55.Rh5 Rg2 56.Rh7+ Kd8 57.Rh8+ Ke7 58.Rc8 Kf6
59.Rxc7  1-0

[Event "10th EICC"]
[Site "Budva MNE"]
[Date "2009.03.12"]
[Round "7"]
[White "Porat,I"]
[Black "Lajthajm,B"]
[Result "1-0"]
[WhiteElo "2353"]
[BlackElo "2502"]

1.d4 e6 2.c4 Nf6 3.g3 Bb4+ 4.Bd2 Qe7 5.Bg2 O-O 6.Nf3 Bxd2+ 7.Qxd2 d6 8.Nc3 c6
9.O-O e5 10.e4 Bg4 11.Ne1 Na6 12.d5 cxd5 13.exd5 Rfc8 14.b3 Nc5 15.Nc2 Bf5
16.f4 Bxc2 17.Qxc2 exf4 18.Rae1 Qd7 19.Rxf4 Re8 20.Ref1 Re3 21.b4 Nd3  1-0

[Event "TCh-AUT 1st Bundesliga 2008-9"]
[Site "Ansfelden AUT"]
[Date "2009.03.21"]
[Round "10"]
[White "Lehner,O"]
[Black "Hoelzl,F"]
[Result "0-1"]
[WhiteElo "2413"]
[BlackElo "2356"]

1.d4 Nf6 2.c4 e6 3.g3 Bb4+ 4.Bd2 Qe7 5.Bg2 Nc6 6.Nf3 Bxd2+ 7.Nbxd2 d6 8.O-O e5
9.d5 Nb8 10.e4 Na6 11.Ne1 h5 12.Nef3 Nc5 13.Qc2 a5 14.Rfe1 Bg4 15.b3 h4 16.a3 hxg3
17.fxg3 b6 18.b4 Ncd7 19.Nb3 Bxf3 20.Bxf3 g6 21.Qc3 Qf8 22.Qe3 Ke7 23.Qf2 Qh6
24.c5 bxc5 25.Nxa5 Kf8 26.Rf1 Kg7 27.Nc6 Qg5 28.Kg2 Rh4 29.Kh1 Rh3 30.Rg1 Ng4
31.Bxg4 Qxg4 32.Rae1 c4 33.Rgf1 f6 34.Qf3 Qg5 35.Re2 Rf8 36.a4 f5 37.exf5 Rxf5
38.Qg2 Rh8 39.Rxf5 Qxf5 40.Rf2 Qd3 41.Qf3 Rf8 42.Qxd3 cxd3 43.Rd2 e4 44.Nd4 Ne5  0-1

[Event "Genset Cup"]
[Site "Szombathely HUN"]
[Date "2009.03.27"]
[Round "2"]
[White "Kantorik,M"]
[Black "Csiba,D"]
[Result "1-0"]
[WhiteElo "2356"]
[BlackElo "2268"]

1.d4 Nf6 2.c4 e6 3.g3 Bb4+ 4.Bd2 c5 5.Bxb4 cxb4 6.Bg2 O-O 7.Nf3 d6 8.O-O Nc6
9.Nbd2 e5 10.d5 Nb8 11.a3 Na6 12.Ne1 bxa3 13.Rxa3 Nb4 14.Nc2 Qb6 15.Rb3 a5
16.Qa1 Bg4 17.Qa3 Bxe2 18.Re1 Bh5 19.Nxb4 axb4 20.Qxb4 Qd4 21.Nf1 Rfd8 22.Ne3 Nd7
23.Nf5 Qc5 24.Nxd6 Qxb4 25.Rxb4 Nc5 26.Rb6 Na4 27.Rxb7 Rxd6 28.Rxe5 f5 29.Ree7 Nc5
30.Rbc7 Na6 31.Rxg7+ Kf8 32.Ra7 Rxa7 33.Rxa7 Be2 34.Bf1 Bxf1 35.Kxf1 h6 36.Ke2 Rb6
37.Ke3 Nc5 38.Kd4 Nb7 39.c5 Rxb2 40.c6 Nd6 41.Ke5 Nb5 42.Rb7 Re2+ 43.Kf6 Nd6
44.Rb8+ Ne8+ 45.Kxf5 Rxf2+ 46.Ke6 Re2+ 47.Kd7 Re7+ 48.Kd8 Nd6 49.Rb2 Nf7+
50.Kc8 Re5 51.Kb8 Nd6 52.c7 Rxd5 53.Rb6 Ke7 54.g4 Ke8 55.h4 Ke7 56.h5 Nf7
57.c8=Q Rd8 58.Re6+  1-0

[Event "ITT Proyeccion U20"]
[Site "Buenos Aires ARG"]
[Date "2009.03.29"]
[Round "7"]
[White "Mayorga,N"]
[Black "Contin,D"]
[Result "1-0"]
[WhiteElo "2306"]
[BlackElo "2321"]

1.d4 Nf6 2.c4 e6 3.g3 Bb4+ 4.Nc3 c5 5.Nf3 Ne4 6.Qc2 cxd4 7.Nxd4 f5 8.Bg2 Qf6
9.Be3 Nxc3 10.bxc3 Bc5 11.Nxf5 Bxe3 12.Nxe3 Na6 13.O-O O-O 14.Qd2 Rb8 15.Qd4 b6
16.Ng4 Qe7 17.Rad1 Nc5 18.Qd6 Qxd6 19.Rxd6 Kf7 20.Ne5+ Ke7 21.Rfd1 Rf5 22.f4 g5
23.e3 Rxe5 24.fxe5 Ba6 25.R6d4 Rc8 26.h4 h6 27.Rg4 Rg8 28.Kh2 Na4 29.Rgd4 Nc5
30.Kh3 Rg7 31.h5 Rf7 32.Rf1 Rxf1 33.Bxf1 Kf7 34.Bd3 Ke7 35.Bc2 Nb7 36.g4 Na5
37.Ba4 Bc8 38.Kg3 Ke8 39.Kf2 Nb7 40.Kg3 Ke7 41.Rd1 Na5 42.Rf1 Nxc4 43.Rf6 Nxe5
44.Rxh6 Nf7 45.Rg6 Ba6 46.Bc2 Be2 47.h6 Ne5 48.h7  1-0

[Event "Open B"]
[Site "Zagreb CRO"]
[Date "2009.03.29"]
[Round "9"]
[White "Ivanov,Bor BUL"]
[Black "Ivekovic,Bo1"]
[Result "1/2-1/2"]
[WhiteElo "1973"]
[BlackElo "2093"]

1.d4 Nf6 2.c4 e6 3.g3 Bb4+ 4.Bd2 Be7 5.Bg2 d5 6.Nf3 b6 7.O-O O-O 8.Ne5 Bb7
9.Nc3 c6 10.Bg5 Nbd7 11.Qa4 Nxe5 12.dxe5 Nd7 13.Bf4 g5 14.Be3 f5 15.Rad1 f4  1/2-1/2

[Event "TCh-HUN 2008-9"]
[Site "Szombathely HUN"]
[Date "2009.04.05"]
[Round "10"]
[White "Nemeth,D"]
[Black "Toth,Li"]
[Result "1/2-1/2"]
[WhiteElo "2139"]
[BlackElo "2194"]

1.d4 Nf6 2.c4 e6 3.g3 Bb4+ 4.Bd2 c5 5.Nf3 b6 6.Bg2 Bb7 7.O-O O-O 8.Nc3 cxd4
9.Nxd4 Bxg2 10.Kxg2 Qc8 11.Qb3 Qb7+ 12.Kg1 Be7 13.Bf4 Nh5 14.Bxb8 Raxb8 15.Qd1 Nf6
16.Qd3 d5 17.cxd5 Nxd5 18.Nf5 Rfd8 19.Nxd5 Rxd5 20.Nxe7+ Qxe7 21.Qb3 Rd2
22.e3 Qf6 23.Qa4 a5 24.b4 axb4 25.Rab1 Qd8 26.Rxb4 Ra8 27.Qb3 Rdxa2 28.Rxb6 h6  1/2-1/2

[Event "82nd ch-St Petersburg"]
[Site "St Petersburg RUS"]
[Date "2009.05.09"]
[Round "2"]
[White "Yevseev,D"]
[Black "Yemelin,V"]
[Result "1/2-1/2"]
[WhiteElo "2529"]
[BlackElo "2582"]

1.d4 Nf6 2.c4 e6 3.g3 Bb4+ 4.Bd2 Be7 5.Bg2 d5 6.Nf3 O-O 7.O-O c6 8.Bf4 Nbd7
9.Nc3 b6 10.Rc1 Nh5 11.Be3 Bb7 12.Ne5 Nhf6 13.f4 Rc8 14.Bf2 Nxe5 15.dxe5 Ng4
16.Bd4 f6 17.exf6 Bxf6 18.Bxf6  1/2-1/2

[Event "ch-UKR w"]
[Site "Evpatoria UKR"]
[Date "2009.05.30"]
[Round "8"]
[White "Vasilevich,T"]
[Black "Huda,Mary"]
[Result "1-0"]
[WhiteElo "2399"]
[BlackElo "2247"]

1.d4 Nf6 2.c4 e6 3.g3 Bb4+ 4.Nd2 c5 5.a3 Bxd2+ 6.Qxd2 cxd4 7.Nf3 b6 8.Bg2 Bb7
9.O-O O-O 10.Qxd4 Nc6 11.Qh4 Ne7 12.Rd1 Nf5 13.Qf4 Qb8 14.Qd2 d5 15.cxd5 Bxd5
16.Qe1 Qb7 17.Bf4 Rac8 18.Be5 Ne4 19.g4 Ne7 20.h4 Nc6 21.Bf4 Na5 22.Nd4 Nf6
23.f3 Nb3 24.Nxb3 Bxb3 25.Rdc1 Rxc1 26.Rxc1 Rc8 27.e4 Nd7 28.Rc3 Bc4 29.Qc1 Ba6
30.Bd6 e5 31.Rxc8+ Qxc8 32.Qxc8+ Bxc8 33.Bf1 g6 34.g5 Kg7 35.Bh3 h6 36.a4 hxg5
37.hxg5 a6 38.b4 Kg8 39.Kf2 b5 40.a5 Kg7 41.Be7 Kg8 42.Ke3 Kg7 43.Bg4 Kg8
44.Kd2 Kg7 45.Kd3 Kg8 46.Ke3 Kg7 47.Kd2 Kg8 48.Ke3 Kg7 49.f4 exf4+ 50.Kxf4 Kg8
51.Ke3 Kg7 52.Kd4 Kg8 53.Bxd7 Bxd7 54.Kc5 f5 55.gxf6 g5 56.Kb6  1-0

[Event "12th IHEM"]
[Site "Hamburg GER"]
[Date "2009.06.06"]
[Round "8"]
[White "Bach,Mat"]
[Black "Lanka,Z"]
[Result "0-1"]
[WhiteElo "2276"]
[BlackElo "2470"]

1.d4 Nf6 2.c4 e6 3.g3 Bb4+ 4.Bd2 c5 5.Bxb4 cxb4 6.Bg2 O-O 7.Nf3 d6 8.O-O Nc6
9.a3 bxa3 10.Nxa3 e5 11.Nb5 a6 12.dxe5 dxe5 13.Qxd8 Rxd8 14.Nc7 Rb8 15.Rfd1 Bg4
16.Kf1 e4 17.Rxd8+ Rxd8 18.Ng5 Nd4 19.f3 exf3 20.Nxf3 Nc2 21.Rc1 Ne3+ 22.Kf2 Nxg2
23.Kxg2 Rc8 24.Rd1 Kf8 25.Nd5 Nxd5 26.cxd5 Rc2 27.Kf2 Bxf3 28.Kxf3 Ke7 29.e4 Kd6
30.Rd3 Rxb2 31.e5+ Kd7 32.h4 a5 33.Rc3 a4 34.Ke4 Rb4+ 35.Kf5 Rb3 36.Rc4 Rf3+
37.Kg4 Rd3 38.d6 a3 39.Rc7+ Ke6 40.Re7+ Kd5 41.Rxb7 Kxe5 42.d7 f5+ 43.Kh3 Ke6
44.Rb3 a2 45.Ra3 Rxa3 46.d8=Q a1=Q 47.Qe8+ Kf6 48.Qd8+ Kf7 49.Qd7+ Kg6 50.h5+ Kh6
51.Qc6+ g6  0-1

[Event "1st SCS GM Open"]
[Site "Bhubaneswar IND"]
[Date "2009.06.08"]
[Round "2"]
[White "Zubarev,Al1"]
[Black "Swayams,M"]
[Result "1-0"]
[WhiteElo "2566"]
[BlackElo "2211"]

1.d4 Nf6 2.c4 e6 3.g3 Bb4+ 4.Bd2 Be7 5.Bg2 O-O 6.d5 exd5 7.cxd5 c6 8.Nc3 Na6
9.e4 cxd5 10.exd5 d6 11.Nge2 Bf5 12.O-O Qd7 13.Nd4 Bg4 14.Qa4 Qxa4 15.Nxa4 Rfc8
16.Rac1 Rxc1 17.Rxc1 Bd7 18.b3 Nc5 19.Nb2 Rc8 20.Re1 Re8 21.b4 Na6 22.Rc1 Rc8
23.Rxc8+ Bxc8 24.Nb5 Bd7 25.Nxa7 Nc7 26.Nc4 Nfxd5 27.Na5 Bf6 28.a4 Bd4 29.Nb5 Nxb5
30.axb5 Nc7 31.b6 Bxb6 32.Nxb7 d5 33.Kf1 Kf8 34.Bf4 Bc6 35.Na5 Bb5+ 36.Ke1 Ke7
37.Nb7 Bc6 38.Nd6 Bd7 39.Nb7 Bc6 40.Bd6+ Kd7 41.Bc5 Bxc5 42.Nxc5+ Kd6 43.Kd2 d4
44.Bxc6 Kxc6 45.Kd3 Kd5 46.h4 h5 47.f3 f5 48.f4 Nb5 49.Nd7 Nc7 50.Nb6+ Kc6
51.Kxd4 Kxb6 52.Ke5 Kc6 53.Kxf5 Nd5 54.Kg6 Nxb4 55.Kxh5 Nd5 56.Kg6 Kd6 57.Kxg7 Ke6
58.h5 Ne3 59.Kg6 Nd5 60.f5+ Ke5 61.h6 Ne7+ 62.Kf7 Kxf5 63.Kxe7 Kg6 64.g4 Kxh6
65.Kf6 Kh7 66.g5 Kg8 67.Kg6  1-0

[Event "Maia Chiburdanidze Cup"]
[Site "Tbilisi GEO"]
[Date "2009.06.09"]
[Round "5"]
[White "Tsatsalashvili,K"]
[Black "Khmiadashvili,T"]
[Result "1-0"]
[WhiteElo "2254"]
[BlackElo "2216"]

1.d4 Nf6 2.c4 e6 3.g3 Bb4+ 4.Bd2 Bxd2+ 5.Nxd2 d6 6.Bg2 O-O 7.e4 e5 8.d5 a5
9.Ne2 Bd7 10.Nc3 Na6 11.O-O Qc8 12.a3 Bh3 13.Qe2 Bxg2 14.Kxg2 Qd7 15.b3 g6
16.f4 exf4 17.gxf4 Qg4+ 18.Qxg4 Nxg4 19.Rae1 f6 20.Nb5 Nh6 21.Nd4 Nf7 22.Ne6 Rfc8
23.e5 f5 24.Nf3 c6 25.Rc1 c5 26.h4 h5 27.Rb1 Nc7 28.Rfe1 Ne8 29.Kf2 Nh6 30.Nh2 Ra6
31.Re3 Rb6 32.a4 Ng7 33.exd6 Rxd6 34.Nxg7 Kxg7 35.Re7+ Kf6 36.Rxb7 Re8 37.Re1 Re4
38.Rxe4 fxe4 39.Rb5 Kf5 40.Kg3 Ng4 41.Nf1 Rd8 42.Rxc5 e3 43.Kf3 e2 44.Ng3+ Kf6
45.Ne4+ Kg7 46.Kxe2 Rf8 47.Ng5 Re8+ 48.Ne6+ Kf6 49.Kd3  1-0

[Event "XXVII Open A"]
[Site "Balatonlelle HUN"]
[Date "2009.06.13"]
[Round "1"]
[White "Porat,I"]
[Black "Eltigani,O"]
[Result "1/2-1/2"]
[WhiteElo "2408"]
[BlackElo "2171"]

1.d4 Nf6 2.c4 e6 3.g3 Bb4+ 4.Bd2 Qe7 5.Bg2 Nc6 6.a3 Bxd2+ 7.Qxd2 O-O 8.Nf3 d6
9.O-O e5 10.d5 Nb8 11.Nc3 Bg4 12.Ne1 Nbd7 13.e4 a5 14.Nd3 Nb6 15.b3 a4 16.Qa2 axb3
17.Qxb3 Ra5 18.f4 exf4 19.gxf4 Nfd7 20.Rfe1 Nc5 21.Nxc5 Rxc5 22.Bf1 Qf6 23.e5 Qxf4
24.Ne4 Ra5 25.exd6 f5 26.dxc7 fxe4 27.Qxb6 Ra6 28.Qe3 Qxc7 29.Ra2 Bf3 30.c5 Rg6+
31.Bg2 Qd7 32.Kh1 Qxd5 33.Rf2 Bxg2+ 34.Rxg2 Rf3 35.Qe2 Re6 36.Qb2 g6 37.Qa2 Qf5
38.Qb1 Qf7 39.c6 bxc6 40.Rd1 Re8 41.Qa2 Re6 42.Qc4 Kg7 43.Rgd2 Kh6 44.Kg1 Rf4
45.Rf1 Qa7+ 46.Kg2 Ref6 47.Rxf4 Rxf4 48.Qe6 Qxa3 49.Qh3+ Qxh3+ 50.Kxh3 Kg5
51.Rc2 Rf6 52.Kg3 Re6 53.Rc5+ Kf6 54.Kf2 e3+ 55.Ke2 Ke7 56.Rc1 Kd6 57.Rd1+ Kc7
58.Rc1 Re5 59.Ra1 h5 60.h3 Kd6 61.Rd1+ Ke6 62.h4 c5 63.Rc1 Kd5 64.Rd1+ Ke4
65.Rc1 Kd4 66.Rd1+ Kc3 67.Rg1 c4 68.Rxg6 Kc2 69.Rg5 Re4 70.Rxh5 c3 71.Rh8 Kc1
72.h5 c2 73.h6 Kb2 74.Rb8+ Kc3 75.h7 Rh4 76.h8=Q+ Rxh8 77.Rxh8 c1=Q 78.Rc8+ Kb2
79.Rxc1 Kxc1 80.Kxe3  1/2-1/2

[Event "Open"]
[Site "Teplice CZE"]
[Date "2009.06.21"]
[Round "9"]
[White "Swinkels,R"]
[Black "Starostits,I"]
[Result "1/2-1/2"]
[WhiteElo "2499"]
[BlackElo "2464"]

1.d4 Nf6 2.c4 e6 3.g3 Bb4+ 4.Bd2 a5 5.Bg2 d5 6.Nf3 dxc4 7.O-O O-O 8.Bg5 h6
9.Bxf6 Qxf6 10.Qc2 Nc6 11.Qxc4 Rd8 12.Rd1 e5 13.Nc3 Bxc3 14.bxc3 exd4 15.Nxd4 Nxd4
16.cxd4 c6 17.a4 Bf5 18.e3 Rd7 19.Qc5 h5 20.h4 g6 21.Ra2 Bg4 22.Rb1 Qf5 23.Qxf5 Bxf5
24.Rc1 Kf8 25.Rc5 Ke7 26.Rb2 Be6 27.Be4 Ra7 28.Kg2 Kd6 29.Kf3 Ke7 30.Kf4 Ra6
31.Bd3 Ra8 32.Be4 Ra7 33.Ke5 Ra6 34.Rb1 Bd5 35.Bd3 Ra7 36.Rb6 Bf3 37.Kf4 Bd1
38.Rc4 Rd6 39.e4 Bg4 40.Ke3 Rf6 41.f4 Rd6 42.Rb1 Rd7 43.Rc5 Ra8 44.Bc4 Be6
45.d5 cxd5 46.exd5 Bf5 47.Rb6 Kf8 48.Bb5 Re7+ 49.Kf2 Rd8 50.d6 Re6 51.Rd5 Be4
52.Re5 Bc6 53.Rxe6 fxe6 54.Bxc6 Rxd6 55.Rxb7 Rxc6 56.Rb5 Rc2+ 57.Kf3 Rc3+
58.Kf2 Ra3 59.Rxa5 Kf7 60.Ra8 Kf6 61.a5 Kg7 62.a6 Kh7 63.a7 Kg7 64.Ke2 Ra1
65.Kd3 Ra2 66.Kc4 Ra1 67.Kc5 Ra6 68.Kc4 Ra1 69.Kc3 Ra2 70.Kb3 Ra1 71.Kb4 Ra2
72.Kb5 Ra1 73.Kb6 Rb1+ 74.Ka6 Ra1+ 75.Kb6 Rb1+ 76.Kc6 Ra1 77.Kb7 Rb1+ 78.Kc7 Ra1
79.Kd6 Ra6+ 80.Ke7 Ra1 81.Kxe6 Re1+ 82.Kd6 Rd1+ 83.Ke5 Re1+ 84.Kd4 Rd1+ 85.Ke4 Re1+
86.Kf3 Rf1+ 87.Kg2 Ra1 88.Kf2 Ra3 89.Ke2 Ra1 90.Kd3 Rd1+ 91.Kc2 Ra1 92.Kb2 Ra6
93.Kc3 Ra1 94.Kb4 Rb1+ 95.Kc4 Rc1+ 96.Kb3 Ra1 97.f5 gxf5 98.Kb4 Ra2 99.Kc5 Ra1
100.Kb6 Rb1+ 101.Kc6 Ra1 102.Kb7 Rb1+ 103.Kc7 Ra1 104.Kd6 Ra6+ 105.Ke7 Ra1
106.Ke6 Ra6+ 107.Kd5 Ra1 108.Kc6 Rc1+ 109.Kd6 Ra1 110.Ke5 Ra4 111.Kd5 Ra1
112.Kd4 Ra2 113.Ke3 Ra4 114.Kf3 Kh7 115.Ke3 Kg7 116.Kd3 Ra1 117.Kd4 Ra2 118.Kd5  1/2-1/2

[Event "32nd Aegean Open"]
[Site "Aghios Kirykos GRE"]
[Date "2009.07.17"]
[Round "7"]
[White "Tukmakov,V"]
[Black "Khurtsilava,I"]
[Result "1-0"]
[WhiteElo "2549"]
[BlackElo "2261"]

1.d4 Nf6 2.c4 e6 3.g3 Bb4+ 4.Bd2 Qe7 5.Bg2 Bxd2+ 6.Qxd2 d6 7.e3 O-O 8.Ne2 e5
9.Nbc3 Re8 10.h3 a5 11.g4 h6 12.b3 Nc6 13.O-O Nd8 14.Ng3 g6 15.Rae1 c6 16.f4 Nh7
17.c5 f6 18.cxd6 Qxd6 19.fxe5 fxe5 20.d5 Nf7 21.Qc2 Kg7 22.Nh5+ Kf8 23.Ne4 Qe7
24.Nef6 Nxf6 25.Nxf6 Kg7 26.Nxe8+ Qxe8 27.dxc6 Qe7 28.Rc1 b5 29.Qc5 Qxc5
30.Rxc5 b4 31.c7 Ra7 32.Rd1  1-0

[Event "TCh Eur-Youth U18"]
[Site "Pardubice CZE"]
[Date "2009.07.18"]
[Round "3"]
[White "Oroudzhov,A"]
[Black "Poetz,F"]
[Result "0-1"]
[WhiteElo "2071"]
[BlackElo "2364"]

1.d4 Nf6 2.c4 e6 3.g3 Bb4+ 4.Bd2 c5 5.Bg2 O-O 6.Nf3 d6 7.O-O Nc6 8.Bxb4 cxb4
9.Nbd2 e5 10.d5 Nb8 11.a3 Na6 12.Qb3 bxa3 13.Qxa3 Qb6 14.Rfd1 Bg4 15.h3 Bh5
16.Qa5 Nb4 17.Qxb6 axb6 18.Ra3 Bg6 19.e4 Rxa3 20.bxa3 Nd3 21.Rb1 Nd7 22.h4 Ra8
23.Rb3 N3c5 24.Rc3 Nf6 25.Ne1 Bxe4 26.Bxe4 Nfxe4 27.Nxe4 Nxe4 28.Rb3 Ra6
29.Nc2 Nc5 30.Rb5 Nd7 31.Kf1 Kf8 32.Ke2 Ke7 33.Rb3 f5 34.Rc3 Ra8 35.f4 Rc8
36.Nd4 g6 37.Nf3 Kf6 38.fxe5+ dxe5 39.Nd2 e4 40.Rb3 Ke5 41.Rb4 h6 42.Rb5 g5
43.hxg5 hxg5 44.a4 f4 45.gxf4+ gxf4 46.a5 Rc5 47.Rb3 Rxa5 48.Rh3 Ra2 49.Rh7 e3
50.Rxd7 Rxd2+ 51.Kf3 Rf2+ 52.Kg4 e2 53.Rxb7 f3 54.Rxb6 Rf1 55.Re6+ Kd4  0-1

[Event "32nd Aegean Open"]
[Site "Aghios Kirykos GRE"]
[Date "2009.07.19"]
[Round "9"]
[White "Tukmakov,V"]
[Black "Khetsuriani,B"]
[Result "1/2-1/2"]
[WhiteElo "2549"]
[BlackElo "2331"]

1.d4 Nf6 2.c4 e6 3.g3 Bb4+ 4.Bd2 Bxd2+ 5.Qxd2 O-O 6.Bg2 d5 7.Nf3 Nbd7 8.O-O c6
9.Rc1 b6 10.cxd5 cxd5 11.Nc3 a6 12.Rc2 Bb7 13.Rac1 Rc8 14.Ne5 Qe7 15.e3 h6
16.a3 Qd6 17.Na4 Rxc2 18.Qxc2 Nxe5 19.dxe5 Qxe5 20.Nxb6 a5 21.Qe2 Rb8 22.Qb5 Ba8
23.h3 Kh7 24.Rc8 Rxc8 25.Nxc8 Qc7 26.Nb6 Qc1+ 27.Kh2 Bc6 28.Qd3+ Kg8 29.Qd4 Qc2
30.Kg1 Qc1+ 31.Kh2 Qc2  1/2-1/2

[Event "4th Summer Cup"]
[Site "Porto Carras GRE"]
[Date "2009.07.24"]
[Round "8"]
[White "Nikolaidis,K"]
[Black "Pavlidou,E"]
[Result "1-0"]
[WhiteElo "2270"]
[BlackElo "2179"]

1.d4 Nf6 2.c4 e6 3.g3 Bb4+ 4.Bd2 Qe7 5.Bg2 O-O 6.Nf3 Nc6 7.O-O Bxd2 8.Qxd2 d6
9.Nc3 e5 10.d5 Nb8 11.e4 a5 12.Ne1 Na6 13.Nd3 Nd7 14.b3 Nac5 15.Nc1 b6 16.a3 f5
17.exf5 Rxf5 18.Rb1 Nf8 19.b4 Ncd7 20.Nd3 Ba6 21.Nb5 Bxb5 22.cxb5 Nf6 23.Rbc1 axb4
24.axb4 e4 25.Nf4 g5 26.Nh5 Nxh5 27.g4 Rf4 28.gxh5 Ra3 29.Rc3 Ra7 30.Re1 Qe5
31.Qc2 Rh4 32.Rg3 Ra1 33.Rxa1 Qxa1+ 34.Bf1 Qg7 35.Bg2 Qe7 36.Re3 Qe5 37.h3 Qa1+
38.Kh2 Qe5+ 39.Kg1 Qa1+ 40.Bf1 Qd4 41.Qxc7 Qxb4 42.Qxb6 Rf4 43.Qc6 Qb2 44.Re2 Qf6
45.Qc2 g4 46.Rxe4 Qf5 47.Rc4 Qg5 48.Rxf4 gxh3+ 49.Kh1 Qxf4 50.Bxh3 Qf3+ 51.Kh2 Qf4+
52.Kg1 Qg5+ 53.Bg2 Qxh5 54.b6 Qe5 55.Qb1 Nd7 56.b7 Nb8 57.Qc1 Qe8 58.Qg5+ Kf7
59.Qf5+ Kg7 60.Qg5+ Kf7 61.Qf4+ Ke7 62.Qe4+ Kd8 63.Qxh7 Qe1+ 64.Bf1 Qe8 65.Bh3 Qe1+
66.Kg2 Qe8 67.Be6 Qf8 68.Kf1 Qe8 69.Kg1 Qf8 70.Kg2 Qe8 71.Qc2 Na6 72.Qc8+ Ke7
73.Qxe8+ Kxe8 74.Kg3 Ke7 75.Kf4 Kf6 76.Ke3 Ke5 77.f4+ Kf6 78.Kd4 Ke7 79.Kc4  1-0

[Event "4th Summer Cup"]
[Site "Porto Carras GRE"]
[Date "2009.07.25"]
[Round "9"]
[White "Naslund,M"]
[Black "Ioannidis,E"]
[Result "1-0"]
[WhiteElo "2170"]
[BlackElo "1508"]

1.d4 Nf6 2.c4 e6 3.g3 Bb4+ 4.Bd2 c5 5.Bxb4 cxb4 6.a3 bxa3 7.Rxa3 O-O 8.Nf3 d6
9.Bg2 Nc6 10.O-O e5 11.Nc3 Bf5 12.Nh4 Bc8 13.dxe5 dxe5 14.Nd5 Be6 15.Qd2 Nd4
16.e3 Nc6 17.Rd1 Bg4 18.Rda1 g5 19.Nf3 Ne4 20.Qc1 Nd6 21.Nd2 f5 22.b4 e4
23.b5 Ne5 24.Rxa7 Rc8 25.Qb2 Ndxc4 26.Nxc4 Nxc4 27.Qd4 Nd6 28.Qe5 Rf7 29.h3 Bh5
30.R1a2 Nc4 31.Qe6 Nd6 32.Rd2 Kf8 33.Qh6+ Kg8 34.Qxh5 Nxb5 35.Raa2 Qf8 36.Qxg5+ Qg7
37.Qxg7+ Kxg7 38.Rab2 Nd6 39.Rdc2 Ra8 40.Rb6  1-0

[Event "Czech Open A"]
[Site "Pardubice CZE"]
[Date "2009.07.26"]
[Round "3"]
[White "Gasanov,E"]
[Black "Bracker,F"]
[Result "1-0"]
[WhiteElo "2536"]
[BlackElo "2280"]

1.d4 Nf6 2.c4 e6 3.g3 Bb4+ 4.Bd2 Qe7 5.Bg2 Nc6 6.e3 e5 7.d5 Bxd2+ 8.Qxd2 Nb8
9.Nc3 d6 10.Nge2 O-O 11.h3 a5 12.g4 Na6 13.Ng3 Bd7 14.O-O Rfd8 15.g5 Ne8
16.f4 c6 17.Rad1 Nec7 18.dxc6 Bxc6 19.Nf5 Qe6 20.Nxd6 Ne8 21.Bxc6 bxc6 22.fxe5 Qxh3
23.Nce4 Nxd6 24.exd6 Qe6 25.Rf4 Kh8 26.Qd4 Rd7 27.Kg2 Rad8 28.Rh1 c5 29.Rfh4 Qg6
30.Qe5 Kg8 31.Rxh7 Qxh7 32.Rxh7 Kxh7 33.Qf5+ Kg8 34.g6 fxg6 35.Qe6+ Kh7 36.Ng5+ Kh6
37.Qg4  1-0

[Event "96th ch-GBR"]
[Site "Torquay ENG"]
[Date "2009.07.27"]
[Round "1"]
[White "Smith,Gr"]
[Black "Ross,C"]
[Result "1/2-1/2"]
[WhiteElo "2119"]
[BlackElo "2203"]

1.d4 Nf6 2.c4 e6 3.g3 Bb4+ 4.Nd2 O-O 5.Bg2 d5 6.Nf3 Nbd7 7.a3 Be7 8.Qc2 c6
9.O-O b6 10.b3 Bb7 11.Bb2 c5 12.dxc5 Nxc5 13.Ng5 Ncd7 14.Rad1 h6 15.Nh3 Qc8
16.Qb1 dxc4 17.Nxc4 Bxg2 18.Kxg2 Rd8 19.Nf4 Nc5  1/2-1/2

[Event "ch-AUT"]
[Site "Jenbach AUT"]
[Date "2009.07.28"]
[Round "4"]
[White "Froewis,G"]
[Black "Singer,Ri"]
[Result "1-0"]
[WhiteElo "2220"]
[BlackElo "2284"]

1.d4 Nf6 2.c4 e6 3.g3 Bb4+ 4.Bd2 Qe7 5.Bg2 O-O 6.Qc2 Nc6 7.Nf3 d5 8.a3 Bxd2+
9.Nbxd2 Rd8 10.Rd1 e5 11.dxe5 Nxe5 12.O-O Nxf3+ 13.Nxf3 dxc4 14.Rxd8+ Qxd8
15.Ne5 Qe7 16.Nxc4 c6 17.Rd1 Bg4 18.Ne3 Be6 19.Qd2 h6 20.Qd4 Qc7 21.Nf1 Qb6
22.e4 Qxd4 23.Rxd4 Kf8 24.Ne3 Ke7 25.e5 Nd7 26.f4 f5 27.Bf1 g6 28.Bd3 h5
29.h3 Rf8 30.Kf2 a6 31.Kf3 g5 32.Rd6 h4 33.gxh4 gxh4 34.Bc4 Bxc4 35.Nxc4 Rg8
36.Ne3 Rg3+ 37.Kf2 Rxh3 38.Nxf5+ Ke8 39.Rh6 Nf8 40.e6 Nxe6 41.Rxe6+ Kf7 42.Re2  1-0

[Event "Czech Open A"]
[Site "Pardubice CZE"]
[Date "2009.07.28"]
[Round "5"]
[White "Serov,M"]
[Black "Akesson,R"]
[Result "1-0"]
[WhiteElo "2345"]
[BlackElo "2469"]

1.d4 Nf6 2.c4 e6 3.g3 Bb4+ 4.Bd2 Be7 5.Bg2 d5 6.Nf3 O-O 7.Qc2 c6 8.O-O b6
9.Bf4 Nh5 10.Bc1 Nf6 11.Rd1 Bb7 12.Nc3 Nbd7 13.b3 Rc8 14.e4 c5 15.exd5 exd5
16.dxc5 dxc4 17.b4 a5 18.a3 axb4 19.axb4 bxc5 20.b5 Ra8 21.Rb1 Ra5 22.Bf4 Qa8
23.Nh4 Bxg2 24.Nxg2 Qb7 25.Ne3 Nb6 26.Nf5 Rfa8 27.Be5 Ne8 28.Nd5 Nxd5 29.Rxd5 Bf8
30.Qxc4 Ra4 31.Qd3 c4 32.Qd1 Qb6 33.Bd4 Qe6 34.Re5 Qd7 35.b6 Nf6 36.Reb5 Qb7
37.Bxf6 gxf6 38.Qg4+ Kh8 39.Qd4 Be7 40.Qe3 Bf8 41.Qd4  1-0

[Event "Czech Open A"]
[Site "Pardubice CZE"]
[Date "2009.07.29"]
[Round "6"]
[White "Hirneise,T"]
[Black "Berzina,I"]
[Result "1/2-1/2"]
[WhiteElo "2429"]
[BlackElo "2276"]

1.d4 Nf6 2.c4 e6 3.g3 Bb4+ 4.Bd2 Bxd2+ 5.Nxd2 d5 6.Bg2 O-O 7.Ngf3 Nbd7 8.O-O b6
9.cxd5 exd5 10.Qa4 Bb7 11.Rac1 Re8 12.e3 c5 13.Rfd1 Qe7 14.dxc5 Nxc5 15.Qa3 Ng4
16.h3 Nf6 17.Nb3 Nfe4 18.Nbd4 a5 19.Nb5 Ba6 20.Nfd4 Qd7 21.Bf1 Rac8 22.b4 axb4
23.Qxb4 Ng5 24.Kh2 Nce4 25.Qb2 Rc5 26.a4 Bc8 27.f3 Nf6 28.h4 Nxf3+ 29.Nxf3 Ng4+
30.Kg1 Nxe3 31.Re1 Re4 32.Qf2 Nxf1 33.Rxf1 Rxa4 34.Ne5 Qe7 35.Nc6 Qd7 36.Rxc5 bxc5
37.Qxc5 Ba6 38.Ne7+ Kh8 39.Nf5 Kg8 40.Ne7+ Kh8 41.Nd6 h6 42.Nxf7+ Kh7 43.Ng6 Qh3
44.Nf8+ Kg8 45.Nxh6+ Kh8 46.Ng6+ Kh7 47.Nf8+ Kh8 48.Nf7+ Kg8 49.Nh6+ Kh8  1/2-1/2

[Event "ZMD Open"]
[Site "Dresden GER"]
[Date "2009.07.31"]
[Round "7"]
[White "Blodstein,B"]
[Black "Jungbluth,M"]
[Result "1-0"]
[WhiteElo "2194"]
[BlackElo "2055"]

1.d4 Nf6 2.c4 e6 3.g3 Bb4+ 4.Bd2 Qe7 5.a3 Bxd2+ 6.Nxd2 Nc6 7.Ngf3 O-O 8.e4 d6
9.Bg2 e5 10.d5 Nb8 11.b4 a5 12.O-O Na6 13.Ne1 Nd7 14.Nd3 b6 15.Nb3 axb4 16.axb4 Bb7
17.Qc2 f5 18.exf5 e4 19.Nf4 Nxb4 20.Qxe4 Ne5 21.Ne6 Rfc8 22.f4 Ned3 23.Rfd1 Nc5
24.Nbxc5 bxc5 25.g4 Qf7 26.Rxa8 Rxa8 27.Ng5  1-0

[Event "110th US Open"]
[Site "Indianapolis USA"]
[Date "2009.08.06"]
[Round "6"]
[White "Shapiro,D"]
[Black "Balkum,A"]
[Result "1-0"]
[WhiteElo "1882"]
[BlackElo "2137"]


1.d4 Nf6 2.c4 e6 3.g3 Bb4+ 4.Bd2 Qe7 5.Nc3 Nc6 6.Nf3 Bxc3 7.Bxc3 Ne4 8.Rc1 Nxc3
9.Rxc3 O-O 10.Bg2 d6 11.d5 Nb8 12.dxe6 fxe6 13.Nd4 e5 14.Nc2 Nc6 15.b4 Be6
16.O-O Qd7 17.b5 Nd8 18.Ne3 Bh3 19.Bxh3 Qxh3 20.c5 Rf6 21.Qd5+ Kh8 22.cxd6 cxd6
23.Rfc1 h5 24.Rc4 g6 25.Rc7 Qe6 26.Qxe6 Nxe6 27.Rxb7 Nc5 28.Rc7 Kg8 29.Rc6 Rb8
30.R1xc5  1-0